[Event "1.Deut.ChessOrgAmatPokVoelklingen GrC "]
[Site "?"]
[Date "2000.10.06"]
[Round "1"]
[White "Gietzen, Daniel"]
[Black "Rossmanith, Frederic"]
[Result "1-0"]
[WhiteElo "1000"]
[BlackElo "1450"]
[PlyCount "91"]

1. e4 c6 2. d4 d5 3. e5 Bf5 4. Nc3 e6 5. g4 Bg6 6. h4 h6 7. h5 Bh7 8. Bd3 Bxd3
9. Qxd3 Qb6 10. Nge2 Qa6 11. Nf4 Qxd3 12. Nxd3 Nd7 13. Be3 Bb4 14. Nxb4 Ne7 15.
O-O-O a5 16. Nd3 b5 17. a3 Nc8 18. f4 Ncb6 19. Kb1 Nc4 20. Rh3 b4 21. axb4 axb4
22. Nxb4 Rb8 23. Nca2 O-O 24. b3 Na5 25. Bd2 Rb6 26. Nxd5 cxd5 27. Bxa5 Ra6 28.
b4 Rfa8 29. Rhd3 Nb8 30. Kb2 Nc6 31. Ra1 Rb8 32. Kc1 Nxa5 33. bxa5 Rxa5 34. Rb1
Rba8 35. Nc3 Rc8 36. Kd2 Ra6 37. Ne2 Rac6 38. Rc3 Kf8 39. Rxc6 Rxc6 40. Rb8+
Ke7 41. Rb7+ Kf8 42. f5 Ke8 43. fxe6 Rc4 44. exf7+ Kf8 45. e6 Rc8 46. Nf4 1-0

[Event "1.Deut.ChessOrgAmatPokVoelklingen GrC "]
[Site "?"]
[Date "2000.10.06"]
[Round "1"]
[White "Umla, Rudolf"]
[Black "Mueller, Ronny"]
[Result "1/2-1/2"]
[WhiteElo "1617"]
[BlackElo "1433"]
[PlyCount "77"]

1. f4 e6 2. Nf3 d5 3. e3 Nf6 4. b3 Be7 5. Bb2 c5 6. Ne5 Nc6 7. Bb5 Bd7 8. Bxc6
Bxc6 9. d3 Qc7 10. Nd2 O-O 11. O-O Nd7 12. Ndf3 f6 13. Nxd7 Qxd7 14. Qe1 b5 15.
Qh4 Qc7 16. g4 Rab8 17. g5 f5 18. Be5 Bd6 19. d4 Bxe5 20. Nxe5 c4 21. Rf3 Be8
22. b4 Rb7 23. Kh1 a5 24. Rh3 g6 25. a3 Ra7 26. Qe1 Kh8 27. Rg3 Rg8 28. Kg2 Rg7
29. Kf3 axb4 30. axb4 Qb8 31. Rxa7 Rxa7 32. h4 Qa8 33. Qg1 Rg7 34. Qg2 Qa3 35.
h5 Qxb4 36. hxg6 Bxg6 37. Rh3 Qe7 38. Qh2 Qb7 39. c3 1/2-1/2

[Event "1.Deut.ChessOrgAmatPokVoelklingen GrC "]
[Site "?"]
[Date "2000.10.06"]
[Round "1"]
[White "Cara, Bogdan"]
[Black "Braun, Konstatin"]
[Result "1-0"]
[WhiteElo "1331"]
[BlackElo "282"]
[PlyCount "83"]

1. e4 e5 2. Nf3 Nc6 3. Bc4 Bc5 4. c3 Nf6 5. d4 exd4 6. cxd4 Bb4+ 7. Nc3 Nxe4 8.
O-O Bxc3 9. bxc3 O-O 10. Qc2 d5 11. Bd3 Nf6 12. Bg5 g6 13. Rfe1 Bg4 14. Ne5 Be6
15. Qd2 Ne4 16. Bxe4 f6 17. Nxc6 bxc6 18. Bh6 Re8 19. Bd3 Qd7 20. Bf4 Bf5 21.
Bxf5 Qxf5 22. Bxc7 Rec8 23. Bg3 a5 24. Rad1 Ra6 25. Qd3 Qxd3 26. Rxd3 Rb6 27.
Rde3 Rb2 28. R3e2 Rb5 29. f3 Kf7 30. Kf2 c5 31. Re7+ Kf8 32. Bd6 Kg8 33. Re8+
Rxe8 34. Rxe8+ Kf7 35. Re7+ Kg8 36. dxc5 Rb2+ 37. Re2 Rb7 38. c6 Rb6 39. c7 Rc6
40. Re8+ Kf7 41. c8=Q Rxc8 42. Rxc8 1-0

[Event "1.DeutChessOrgAmatPokVoelklingen GrAB"]
[Site "?"]
[Date "2000.10.07"]
[Round "2"]
[White "Becker, Thomas"]
[Black "Bastian, Herbert"]
[Result "0-1"]
[WhiteElo "2175"]
[BlackElo "2354"]
[PlyCount "62"]
[EventDate "2000.??.??"]

1. Nf3 Nf6 2. g3 g6 3. Bg2 Bg7 4. O-O O-O 5. d3 c5 6. e4 Nc6 7. Nbd2 d6 8. c3
Ne8 9. a4 Nc7 10. Re1 Rb8 11. Nc4 b6 12. Ne3 e5 13. b4 cxb4 14. cxb4 Nxb4 15.
Ba3 Nba6 16. Nc4 Nc5 17. d4 exd4 18. Nxd4 Bb7 19. Bb2 Re8 20. Qc2 Qd7 21. f4
Rbd8 22. e5 dxe5 23. Nxe5 Bxe5 24. fxe5 Bxg2 25. Kxg2 N7e6 26. Red1 Qb7+ 27.
Nf3 Ng5 28. Qe2 Nb3 29. Ra3 Nxf3 30. Rxd8 Rxd8 31. Kf2 Rd2 0-1

[Event "1.DeutChessOrgAmatPokVoelklingen GrAB"]
[Site "?"]
[Date "2000.10.07"]
[Round "2"]
[White "Lacrosse, Marc"]
[Black "Welz, Peter,Dr."]
[Result "1-0"]
[WhiteElo "2298"]
[BlackElo "2169"]
[PlyCount "109"]
[EventDate "2000.??.??"]

1. d4 f5 2. g3 Nf6 3. Bg2 g6 4. Nf3 Bg7 5. O-O O-O 6. c4 d6 7. Nc3 Nc6 8. d5
Ne5 9. Nxe5 dxe5 10. Qb3 h6 11. Rd1 g5 12. c5 Kh8 13. Bd2 a6 14. Be1 Qe8 15. d6
exd6 16. cxd6 c6 17. Na4 f4 18. Nc5 Bf5 19. Qxb7 Qh5 20. d7 Ng4 21. h3 fxg3 22.
Qxa8 Rxa8 23. d8=Q+ Rxd8 24. Rxd8+ Kh7 25. hxg4 Qxg4 26. fxg3 Qxe2 27. Bf2 Qxb2
28. Rad1 Qxa2 29. g4 Bg6 30. R1d7 h5 31. Re7 Kh6 32. Rd6 Kh7 33. Rdd7 Kh8 34.
Rd8+ Kh7 35. Rdd7 Kh6 36. Rd6 Bf8 37. Be4 Bxe7 38. Rxg6+ Kh7 39. Re6+ Kg8 40.
Rxe7 hxg4 41. Nd7 Qa3 42. Nf6+ Kf8 43. Rxe5 Qc1+ 44. Kg2 g3 45. Bxg3 a5 46. Bf2
a4 47. Nh7+ Kf7 48. Rf5+ Ke8 49. Rc5 Qf4 50. Bxc6+ Ke7 51. Rxg5 a3 52. Bc5+ Kd8
53. Bb6+ Ke7 54. Rg7+ Ke6 55. Ng5+ 1-0

[Event "1.DeutChessOrgAmatPokVoelklingen GrAB"]
[Site "?"]
[Date "2000.10.07"]
[Round "2"]
[White "Augustin, Christian"]
[Black "Muranyi, Karl-Jasmin"]
[Result "1/2-1/2"]
[WhiteElo "2138"]
[BlackElo "2297"]
[PlyCount "116"]
[EventDate "2000.??.??"]

1. d4 d5 2. Nf3 c6 3. Bg5 Bf5 4. e3 Qb6 5. Qc1 Nd7 6. c4 e6 7. c5 Qa5+ 8. Qc3
Qxc3+ 9. Nxc3 b6 10. cxb6 axb6 11. Rc1 Bd6 12. Be2 Ne7 13. Nh4 f6 14. Bf4 Bxf4
15. exf4 Kf7 16. O-O h6 17. Rfd1 Bh7 18. Re1 Rhe8 19. Bg4 Nf8 20. a3 Bd3 21.
Re3 Bc4 22. Rce1 f5 23. Bd1 Ng8 24. b3 Ba6 25. Na4 Rab8 26. Rc3 Rec8 27. Bh5+
Kf6 28. Rec1 Ne7 29. Re1 Bb5 30. Nb2 c5 31. dxc5 Rxc5 32. Rec1 Rbc8 33. Rxc5
bxc5 34. Bd1 g5 35. fxg5+ hxg5 36. Nf3 e5 37. Ne1 Ne6 38. f3 Nc6 39. b4 cxb4
40. axb4 Rb8 41. Nc2 Ba6 42. Na4 Nxb4 43. Rb1 Nc6 44. Rxb8 Nxb8 45. Nb4 Bc4 46.
Nb6 Nc7 47. Ba4 Nba6 48. Nxc4 Nxb4 49. Nd2 Ne6 50. Nb3 e4 51. fxe4 fxe4 52. g3
Ke5 53. h4 gxh4 54. gxh4 Nd3 55. Bc6 Ndf4 56. Kf2 Nh5 57. Nd2 Kd4 58. Nxe4 dxe4
1/2-1/2

[Event "1.DeutChessOrgAmatPokVoelklingen GrAB"]
[Site "?"]
[Date "2000.10.07"]
[Round "2"]
[White "Lang, Thorsten"]
[Black "Berrang, Gerrit"]
[Result "1-0"]
[WhiteElo "2291"]
[BlackElo "1833"]
[PlyCount "73"]
[EventDate "2000.??.??"]

1. d4 Nf6 2. Nf3 e6 3. Bf4 b6 4. e3 Bb7 5. c3 Be7 6. h3 O-O 7. Nbd2 d6 8. Bh2
c5 9. Be2 Nc6 10. O-O Qd7 11. Qb1 Rac8 12. Re1 Rfe8 13. Qd3 Bf8 14. Rad1 Rcd8
15. Qb1 Qc8 16. Bg3 h6 17. Nc4 cxd4 18. exd4 b5 19. Ne3 b4 20. c4 e5 21. d5 Nb8
22. Bh4 Nbd7 23. a3 bxa3 24. b4 Nh7 25. Bxd8 Qxd8 26. Qb3 g6 27. Qxa3 a6 28.
Qa5 Qxa5 29. bxa5 f5 30. Rb1 Bc8 31. Bd1 Bg7 32. Ba4 f4 33. Nc2 g5 34. Nfd4
Nhf6 35. Ne6 Rxe6 36. dxe6 Nc5 37. Rb8 1-0

[Event "1.DeutChessOrgAmatPokVoelklingen GrAB"]
[Site "?"]
[Date "2000.10.07"]
[Round "2"]
[White "Blasius, Stefan"]
[Black "Packroff, Hermann"]
[Result "1/2-1/2"]
[WhiteElo "1717"]
[BlackElo "2250"]
[PlyCount "46"]
[EventDate "2000.??.??"]

1. b4 e5 2. a3 a5 3. b5 Bc5 4. Bb2 Nf6 5. e3 d6 6. d4 exd4 7. Bxd4 Bxd4 8. Qxd4
O-O 9. Nf3 Nbd7 10. Bd3 Nc5 11. Nbd2 Re8 12. O-O b6 13. Nb3 Bb7 14. Nxc5 dxc5
15. Qh4 Bxf3 16. gxf3 Qd5 17. Qf4 Qd6 18. Qh4 Rad8 19. Rad1 Qe5 20. Bxh7+ Kf8
21. Be4 g5 22. Qh6+ Ke7 23. Rxd8 Rxd8 1/2-1/2

[Event "1.DeutChessOrgAmatPokVoelklingen GrAB"]
[Site "?"]
[Date "2000.10.07"]
[Round "2"]
[White "Busche, Stephan"]
[Black "Bertino, Paolo"]
[Result "1-0"]
[WhiteElo "2136"]
[BlackElo "2136"]
[PlyCount "111"]
[EventDate "2000.??.??"]

1. e4 d5 2. exd5 Qxd5 3. Nc3 Qa5 4. d4 Nf6 5. Nf3 Bf5 6. Bc4 e6 7. Bd2 c6 8.
Nd5 Qd8 9. Nxf6+ gxf6 10. Bf4 Nd7 11. Qe2 Nb6 12. Bb3 Nd5 13. Bg3 Bh6 14. O-O
Nf4 15. Bxf4 Bxf4 16. Nh4 Bg6 17. Rad1 Kf8 18. g3 Bc7 19. c4 Qe7 20. Qd2 Kg7
21. Rfe1 a5 22. a4 Rad8 23. d5 Rhe8 24. Qe3 c5 25. f4 Qf8 26. Qf3 b6 27. f5
exf5 28. Nxf5+ Bxf5 29. Qxf5 Re5 30. Rxe5 Bxe5 31. Bc2 Qg8 32. Re1 Re8 33. Kg2
Kh8 34. Qh5 Qg7 35. Bf5 Rg8 36. g4 h6 37. b3 Qg5 38. Qxg5 hxg5 39. Re3 Kg7 40.
Rd3 Rh8 41. d6 Rxh2+ 42. Kg1 Rh8 43. d7 Rd8 44. Kg2 Kf8 45. Kf3 Ke7 46. Ke4 Rb8
47. Kd5 Kd8 48. Kc6 Bf4 49. Rh3 Ke7 50. Rh7 Bg3 51. Bg6 Be5 52. Rxf7+ Ke6 53.
Rh7 Bf4 54. Bf5+ Ke5 55. Re7+ Kd4 56. Re8 1-0

[Event "1.DeutChessOrgAmatPokVoelklingen GrAB"]
[Site "?"]
[Date "2000.10.07"]
[Round "2"]
[White "Braun, Burckhard"]
[Black "Becking, Franz-Josef"]
[Result "0-1"]
[WhiteElo "1965"]
[BlackElo "2095"]
[PlyCount "75"]
[EventDate "2000.??.??"]

1. e4 e6 2. d4 d5 3. Bd3 dxe4 4. Bxe4 Nf6 5. Bg5 Be7 6. Bxf6 Bxf6 7. Nf3 Nd7 8.
O-O O-O 9. c3 c6 10. Nbd2 e5 11. dxe5 Nxe5 12. Nxe5 Bxe5 13. Qc2 g6 14. Rad1
Qc7 15. g3 Bg4 16. Bf3 Bxf3 17. Nxf3 Bg7 18. Rfe1 Rfe8 19. Rxe8+ Rxe8 20. b4
Bf6 21. c4 Rd8 22. Re1 Qd6 23. Kg2 Qxb4 24. Rb1 Qe7 25. Qa4 Qe4 26. Re1 b5 27.
Qxa7 Qxc4 28. Qb6 Ra8 29. h4 Qd5 30. Re3 h5 31. a3 Rd8 32. Kh2 Kg7 33. Qc7 c5
34. Ng5 Bxg5 35. hxg5 Qxg5 36. Qa7 h4 37. Rf3 hxg3+ 38. fxg3 0-1

[Event "1.DeutChessOrgAmatPokVoelklingen GrAB"]
[Site "?"]
[Date "2000.10.07"]
[Round "2"]
[White "Morenko, Dmitro"]
[Black "Hilpisch, Ralf"]
[Result "1-0"]
[WhiteElo "2112"]
[BlackElo "1932"]
[PlyCount "57"]
[EventDate "2000.??.??"]

1. d4 f5 2. h3 Nf6 3. g4 d5 4. gxf5 Bxf5 5. Nf3 e6 6. c4 Nbd7 7. Qb3 Bxb1 8.
Rxb1 b6 9. Rg1 Rg8 10. cxd5 exd5 11. Bf4 Be7 12. Ng5 Nf8 13. e4 c6 14. e5 Nh5
15. Be3 h6 16. Be2 g6 17. Ne4 Rh8 18. Nd2 Ng7 19. Qc2 Qd7 20. Rxg6 Nxg6 21.
Qxg6+ Kf8 22. Bxh6 Bb4 23. Bg5 Qf7 24. Qxc6 Rd8 25. a3 Bxd2+ 26. Bxd2 Kg8 27.
Rc1 Kh7 28. Qh6+ Kg8 29. Qg6 1-0

[Event "1.DeutChessOrgAmatPokVoelklingen GrAB"]
[Site "?"]
[Date "2000.10.07"]
[Round "2"]
[White "Schwarz, Karsten"]
[Black "Mischke, Luis"]
[Result "1/2-1/2"]
[WhiteElo "1909"]
[BlackElo "2063"]
[PlyCount "72"]
[EventDate "2000.??.??"]

1. e4 Nf6 2. Nc3 d5 3. exd5 Nxd5 4. Bc4 Nb6 5. Bb3 a5 6. a3 a4 7. Ba2 e6 8. Nf3
Be7 9. d4 O-O 10. O-O Nc6 11. Bf4 Ra5 12. Qd3 Bd6 13. Bxd6 Qxd6 14. Ne4 Qd8 15.
Rad1 h6 16. c3 Nd5 17. Bb1 f5 18. Ng3 b5 19. Rfe1 Qf6 20. Ba2 Nce7 21. Ne5 Rd8
22. Qd2 Ra8 23. Re2 Rd6 24. Rde1 Raa6 25. Nd3 g5 26. Nc5 Rac6 27. Re5 Kf7 28.
Qd1 Qg6 29. Bxd5 Nxd5 30. Nf1 Nb6 31. Nd2 Nd7 32. Nxd7 Bxd7 33. Nf3 g4 34. Nh4
Qf6 35. g3 Rc4 36. R1e2 Bc6 1/2-1/2

[Event "1.DeutChessOrgAmatPokVoelklingen GrAB"]
[Site "?"]
[Date "2000.10.07"]
[Round "2"]
[White "Will, Matthias"]
[Black "Reinke, Kurt"]
[Result "1-0"]
[WhiteElo "2000"]
[BlackElo "1841"]
[PlyCount "53"]
[EventDate "2000.??.??"]

1. d4 d5 2. Nf3 c6 3. Bg5 Nf6 4. Nbd2 h6 5. Bh4 Nbd7 6. e3 e6 7. Ne5 Be7 8. f4
O-O 9. Bd3 c5 10. c3 c4 11. Bb1 Nxe5 12. fxe5 Nh7 13. Bxe7 Qxe7 14. Bxh7+ Kxh7
15. Qc2+ Kh8 16. O-O Bd7 17. Rf3 b5 18. Raf1 Kg8 19. Qd1 b4 20. Rf6 Kh7 21. Qh5
g6 22. Qh4 bxc3 23. bxc3 Rab8 24. Nf3 Kg7 25. Rxg6+ fxg6 26. Qxe7+ Rf7 27. Qa3
1-0

[Event "1.Deut.ChessOrgAmatPok Voelklingen Sen"]
[Site "?"]
[Date "2000.10.07"]
[Round "2"]
[White "Simon, Eberhard"]
[Black "Escher, Helmut"]
[Result "1/2-1/2"]
[WhiteElo "1847"]
[BlackElo "2039"]
[PlyCount "94"]
[EventDate "2000.??.??"]

1. e4 c5 2. Nc3 g6 3. f4 d6 4. Nf3 Bg7 5. Bc4 Nc6 6. O-O e6 7. f5 Ne5 8. Bb5+
Bd7 9. fxe6 fxe6 10. d3 Bxb5 11. Nxb5 Qd7 12. Nc3 O-O-O 13. Bf4 Nxf3+ 14. Qxf3
Ne7 15. Qg3 Nc6 16. Kh1 Nd4 17. Rf2 Rhf8 18. Raf1 Rf7 19. a4 Rdf8 20. Be3 Be5
21. Bf4 Bg7 22. Nb5 Nxb5 23. axb5 Bxb2 24. c4 Bd4 25. Rf3 e5 26. Bh6 Rxf3 27.
Rxf3 Rf7 28. h4 Kc7 29. Bd2 Qe7 30. Bg5 Qf8 31. Bd2 Rxf3 32. gxf3 Qf6 33. Kg2
Bb2 34. Bg5 Qf8 35. Qf2 Bc3 36. Qa2 Kb8 37. Qc2 Bb4 38. Qa4 h6 39. Be3 Be1 40.
Bf2 Bxf2 41. Kxf2 b6 42. Qd1 Qf4 43. Qh1 a5 44. bxa6 Qd2+ 45. Kg3 Qxd3 46. Qc1
h5 47. Qb2 Ka7 1/2-1/2

[Event "1.Deut.ChessOrgAmatPok Voelklingen Sen"]
[Site "?"]
[Date "2000.10.07"]
[Round "2"]
[White "Will, Michael"]
[Black "Fleckner, Hans"]
[Result "1-0"]
[WhiteElo "1907"]
[BlackElo "1817"]
[PlyCount "137"]
[EventDate "2000.??.??"]

1. c4 Nf6 2. Nc3 e5 3. g3 d6 4. Bg2 c6 5. d4 Be7 6. Nf3 e4 7. Nd2 d5 8. e3 O-O
9. O-O Na6 10. a3 Nc7 11. b3 Ng4 12. h3 Nh6 13. Qe2 Be6 14. Kh2 f5 15. f4 Qe8
16. Rg1 Rf6 17. Nd1 Ng4+ 18. Kh1 Rh6 19. Nf2 Qh5 20. Re1 Qg6 21. Bb2 Nf6 22.
Nf1 Nh5 23. Kh2 Ne8 24. Nh1 Nef6 25. Kg1 Kh8 26. Rec1 Rg8 27. c5 Qf7 28. h4 Ng4
29. b4 Qf6 30. Bc3 Qf7 31. Be1 g5 32. fxg5 Bxg5 33. hxg5 Rxg5 34. Nf2 Nhf6 35.
Nh3 Rg8 36. Nf4 Bd7 37. Bh3 Nh5 38. Nxh5 Qxh5 39. Bg2 Qg5 40. Rc3 Be8 41. Bh1
Bh5 42. Qg2 Ne5 43. dxe5 Bf3 44. Qh2 Rxh2 45. Nxh2 Bh5 46. Bg2 Bf7 47. Rd1 h5
48. Rd2 Be6 49. Nf1 Kh7 50. Rf2 Qg7 51. Rcc2 Qxe5 52. Bc3 Qc7 53. Rf4 Qf7 54.
Bh3 Qf6 55. Rh2 Qg5 56. Rh4 Bf7 57. Be5 Bg6 58. Bg2 Qe7 59. Bd4 Qg5 60. Be5 Qe7
61. Bd6 Qg5 62. Bf4 Qe7 63. g4 fxg4 64. Ng3 Qf6 65. Nxh5 Qa1+ 66. Bf1 Bxh5 67.
Rxh5+ Kg6 68. Rg5+ Kf7 69. Rh7+ 1-0

[Event "1.Deut.ChessOrgAmatPok Voelklingen Sen"]
[Site "?"]
[Date "2000.10.07"]
[Round "2"]
[White "Moeckel, Edgar Dr."]
[Black "Gimber, Robert"]
[Result "1-0"]
[WhiteElo "2107"]
[BlackElo "1684"]
[PlyCount "77"]
[EventDate "2000.??.??"]

1. d4 Nf6 2. c4 g6 3. Nc3 Bg7 4. g3 O-O 5. Bg2 d6 6. Nf3 Nbd7 7. O-O e5 8. e4
c6 9. h3 Re8 10. Be3 exd4 11. Nxd4 Ne5 12. b3 Qa5 13. Qd2 c5 14. Nde2 Bxh3 15.
Rad1 Bxg2 16. Kxg2 Rad8 17. f3 Nc6 18. Nb5 Qxd2 19. Rxd2 d5 20. cxd5 Nxd5 21.
Rxd5 Rxd5 22. exd5 Rxe3 23. Kf2 Rxe2+ 24. Kxe2 Nd4+ 25. Nxd4 Bxd4 26. g4 h6 27.
Kd3 f5 28. Re1 b5 29. gxf5 gxf5 30. Re7 Bf2 31. Ke2 Bd4 32. d6 Kf8 33. Rxa7 c4
34. Rh7 Ke8 35. bxc4 bxc4 36. Rc7 c3 37. Kd3 Bf6 38. Rh7 Be5 39. Re7+ 1-0

[Event "1.Deut.ChessOrgAmatPok Voelklingen Sen"]
[Site "?"]
[Date "2000.10.07"]
[Round "2"]
[White "Passeier, Helmut"]
[Black "Gerhardt, Peter-Michael"]
[Result "0-1"]
[WhiteElo "1825"]
[BlackElo "2145"]
[PlyCount "56"]
[EventDate "2000.??.??"]

1. e4 c5 2. Nf3 a6 3. c4 g6 4. d4 cxd4 5. Nxd4 Bg7 6. Nc3 d6 7. Be3 Nf6 8. Be2
Nc6 9. h3 Bd7 10. Qd2 O-O 11. g4 Nxd4 12. Bxd4 Qa5 13. f3 b5 14. g5 Nh5 15.
Bxg7 Kxg7 16. c5 Rfd8 17. cxd6 Be6 18. Qd4+ Kg8 19. e5 Ng3 20. Rh2 Nf5 21. Qf4
exd6 22. Kf1 b4 23. Ne4 dxe5 24. Nf6+ Kg7 25. Qc1 Rac8 26. Qe1 Qb6 27. Ng4 Rc2
28. Bd3 Ne3+ 0-1

[Event "1.Deut.ChessOrgAmatPok Voelklingen Sen"]
[Site "?"]
[Date "2000.10.07"]
[Round "2"]
[White "Wolf, Alfred"]
[Black "Pukropski, Walter"]
[Result "1/2-1/2"]
[WhiteElo "1800"]
[BlackElo "1796"]
[PlyCount "125"]
[EventDate "2000.??.??"]

1. c4 e5 2. Nf3 Nc6 3. Nc3 Nf6 4. d4 exd4 5. Nxd4 Be7 6. Nc2 O-O 7. g3 d6 8.
Bg2 Be6 9. b3 Qc8 10. e4 Bg4 11. f3 Bh3 12. O-O Bxg2 13. Kxg2 Nd7 14. Nd5 Bf6
15. Nxf6+ Nxf6 16. Bb2 Qe6 17. Nd4 Nxd4 18. Qxd4 Rfe8 19. Rfe1 Re7 20. Re2 b6
21. Rae1 Rae8 22. Re3 Qe5 23. Qd2 Qe6 24. Bd4 Nd7 25. Bb2 f6 26. Rc1 f5 27.
Rce1 fxe4 28. Rxe4 Qf7 29. Qd4 Rxe4 30. Rxe4 Nf6 31. Rxe8+ Qxe8 32. Kf2 Qh5 33.
h4 Qf5 34. g4 Qc2+ 35. Kg3 Qb1 36. a3 c5 37. Qd2 Qg1+ 38. Qg2 Qe3 39. Bxf6 gxf6
40. Qc2 Qe1+ 41. Qf2 Qc3 42. Qa2 Qe5+ 43. Kg2 d5 44. cxd5 Qxd5 45. a4 Qd3 46.
Qb2 Kf7 47. g5 fxg5 48. hxg5 Qf5 49. Qd2 Kg6 50. f4 Qg4+ 51. Kf2 Qh4+ 52. Kf3
Qh1+ 53. Kg3 Qg1+ 54. Kf3 Qh1+ 55. Kg3 Qg1+ 56. Kf3 Kh5 57. Qd7 Qf1+ 58. Kg3
Qe1+ 59. Kg2 Qe2+ 60. Kg3 Qe3+ 61. Kg2 Qxf4 62. Qxh7+ Kxg5 63. Qe7+ 1/2-1/2

[Event "1.Deut.ChessOrgAmatPok Voelklingen Sen"]
[Site "?"]
[Date "2000.10.07"]
[Round "2"]
[White "Scheerer, Helmut"]
[Black "Backes, Robert"]
[Result "1/2-1/2"]
[WhiteElo "1851"]
[BlackElo "1642"]
[PlyCount "60"]
[EventDate "2000.??.??"]

1. e4 e5 2. Bc4 Nf6 3. Nc3 Bc5 4. d3 c6 5. Nf3 d6 6. O-O O-O 7. Be3 Bb6 8. h3
Be6 9. Bb3 Nbd7 10. Ne2 Qe7 11. Ng3 h6 12. c3 d5 13. Bxb6 axb6 14. a3 dxe4 15.
dxe4 Bxb3 16. Qxb3 Nc5 17. Qc2 Rfd8 18. Rad1 Qe6 19. Qe2 g6 20. Nd2 b5 21. Qe3
Nd3 22. Nf3 Nf4 23. Kh2 Kg7 24. Ne2 g5 25. Ng3 g4 26. Nf5+ Kh7 27. Ng1 Rxd1 28.
Rxd1 Ra4 29. f3 Qb3 30. Rd2 N6h5 1/2-1/2

[Event "1.Deut.ChessOrgAmatPok Voelklingen Sen"]
[Site "?"]
[Date "2000.10.07"]
[Round "2"]
[White "Haasper, Peter"]
[Black "Dunkel, Horst"]
[Result "1/2-1/2"]
[WhiteElo "1782"]
[BlackElo "1651"]
[PlyCount "55"]
[EventDate "2000.??.??"]

1. d4 Nf6 2. c4 e6 3. Bg5 Bb4+ 4. Nd2 h6 5. Bh4 O-O 6. Bxf6 Qxf6 7. a3 Bxd2+ 8.
Qxd2 Nc6 9. e3 d6 10. Nf3 e5 11. d5 Ne7 12. e4 Bg4 13. Be2 Ng6 14. h3 Bxf3 15.
Bxf3 Qf4 16. O-O-O Qxd2+ 17. Rxd2 a5 18. g3 Ne7 19. Rc2 b6 20. Rd1 g6 21. Bg2
f5 22. f3 fxe4 23. fxe4 Rf6 24. Rdd2 Kg7 25. b3 Ng8 26. Kb2 Rff8 27. Kc1 Nf6
28. Rf2 1/2-1/2

[Event "1.Deut.ChessOrgAmatPok Voelklingen Sen"]
[Site "?"]
[Date "2000.10.07"]
[Round "2"]
[White "Wolf, Margot"]
[Black "Schampel, Arno"]
[Result "0-1"]
[WhiteElo "1166"]
[BlackElo "1755"]
[PlyCount "31"]
[EventDate "2000.??.??"]

1. d4 d5 2. Nf3 c6 3. Bf4 e6 4. e3 Nf6 5. Be2 Nh5 6. Bxb8 Rxb8 7. Nbd2 Nf6 8.
O-O Bd6 9. c3 Qc7 10. Bd3 Ng4 11. h3 h5 12. Re1 Nf6 13. e4 dxe4 14. Nxe4 Nxe4
15. Bxe4 Bd7 16. Qc2 0-1

[Event "1.Deut.ChessOrgAmatPok Voelklingen Sen"]
[Site "?"]
[Date "2000.10.07"]
[Round "2"]
[White "Fiedler, Eduard"]
[Black "Hennige, Anneliese"]
[Result "1-0"]
[WhiteElo "1736"]
[BlackElo "100"]
[PlyCount "73"]
[EventDate "2000.??.??"]

1. e4 e6 2. Nc3 c6 3. d4 g6 4. Nf3 Bg7 5. e5 Ne7 6. Bg5 O-O 7. Qd2 Qe8 8. Ne4
Nf5 9. g4 Ne7 10. Nd6 Qd8 11. Nxc8 Qxc8 12. Bxe7 Re8 13. Bf6 Qc7 14. g5 Qb6 15.
O-O-O Na6 16. a3 Nc7 17. c4 Qb3 18. Qd3 Qb6 19. Nd2 Rad8 20. Bxd8 Rxd8 21. c5
Qa5 22. Nc4 Qa6 23. Qb3 Nb5 24. a4 Nc7 25. Nd6 b5 26. axb5 Nxb5 27. Bxb5 cxb5
28. Qxb5 Qc6 29. Qxc6 dxc6 30. Kc2 Kf8 31. Ra1 Rd7 32. Ra6 Rc7 33. Rha1 f5 34.
exf6 Bh8 35. Rxa7 Rxa7 36. Rxa7 h6 37. Ra8# 1-0

[Event "1.Deut.ChessOrgAmatPok Voelklingen GrC"]
[Site "?"]
[Date "2000.10.07"]
[Round "2"]
[White "Conrad, Egon"]
[Black "Schreiber, Winfried"]
[Result "1-0"]
[WhiteElo "1643"]
[BlackElo "1452"]
[PlyCount "95"]
[EventDate "2000.??.??"]

1. d4 c5 2. d5 d6 3. c4 e6 4. Nc3 Nf6 5. Bg5 Be7 6. Nf3 exd5 7. cxd5 a6 8. Nd2
Nxd5 9. Bxe7 Nxe7 10. Nc4 d5 11. Ne5 O-O 12. e3 Be6 13. Bd3 f5 14. O-O Nbc6 15.
Nf3 h6 16. Ne2 Ng6 17. Rc1 c4 18. Bb1 Qc7 19. b3 Rad8 20. Nfd4 Nxd4 21. Nxd4
Bc8 22. Qe2 b5 23. a4 Ne7 24. axb5 axb5 25. Nxb5 Qc5 26. bxc4 dxc4 27. Ba2 Be6
28. Nd4 Rxd4 29. exd4 Qd6 30. Bxc4 Bxc4 31. Qxc4+ Kh7 32. Rfe1 Rc8 33. Qd3 Rxc1
34. Rxc1 Qf4 35. Qe3 Qd6 36. Qe5 Qb4 37. Qc5 Qb7 38. h3 Qe4 39. Qe5 Qxe5 40.
dxe5 Kg6 41. f4 Kf7 42. Rc7 Ke6 43. g3 g5 44. Ra7 gxf4 45. Rxe7+ Kxe7 46. gxf4
Ke6 47. Kf2 h5 48. Kg3 1-0

[Event "1.Deut.ChessOrgAmatPok Voelklingen GrC"]
[Site "?"]
[Date "2000.10.07"]
[Round "2"]
[White "Woelk, Peter"]
[Black "Schroeder, Werner"]
[Result "1/2-1/2"]
[WhiteElo "1516"]
[BlackElo "1620"]
[PlyCount "80"]
[EventDate "2000.??.??"]

1. d4 Nf6 2. Bg5 Ne4 3. Bh4 g5 4. f3 gxh4 5. fxe4 Bg7 6. e3 d6 7. Qh5 e5 8. Bc4
O-O 9. Nf3 Qf6 10. Nbd2 Qh6 11. Qxh6 Bxh6 12. Ke2 Bg4 13. h3 Bh5 14. Kf2 Nc6
15. c3 Kh8 16. d5 Ne7 17. Nxh4 f5 18. Be2 fxe4+ 19. Ke1 Bxe2 20. Kxe2 Nxd5 21.
Nxe4 Nxe3 22. g4 Nd5 23. Kd3 Nf4+ 24. Kc2 d5 25. Ng3 Ng2 26. Nhf5 Ne3+ 27. Kd3
e4+ 28. Ke2 Nxf5 29. Nxf5 Bg7 30. Rad1 Rad8 31. Rhf1 c6 32. Ke3 Rf7 33. Rh1
Rdf8 34. Rdg1 Be5 35. Rd1 Bc7 36. Ke2 Bd8 37. Rhf1 b5 38. Rg1 h5 39. Rg2 Bg5
40. Rf1 Kh7 1/2-1/2

[Event "1.Deut.ChessOrgAmatPok Voelklingen GrC"]
[Site "?"]
[Date "2000.10.07"]
[Round "2"]
[White "Kemmer, Josef"]
[Black "Kirschner, Gerhard,Dr."]
[Result "1/2-1/2"]
[WhiteElo "1534"]
[BlackElo "1401"]
[PlyCount "62"]
[EventDate "2000.??.??"]

1. c4 Nf6 2. Nc3 g6 3. g3 Bg7 4. Bg2 c6 5. e4 e5 6. d3 O-O 7. Nge2 d6 8. O-O
Be6 9. Kh1 Qc7 10. f4 exf4 11. Nxf4 Bc8 12. Bd2 Nbd7 13. Nh3 Ne5 14. Bf4 Neg4
15. Nf2 Nxf2+ 16. Rxf2 Qb6 17. Rd2 Rd8 18. Qf1 Ng4 19. Re1 Bd4 20. Na4 Qc7 21.
h3 Ne5 22. Be3 Bxe3 23. Rxe3 Be6 24. b3 a6 25. d4 Nd7 26. d5 cxd5 27. exd5 Bxh3
28. Bxh3 Ne5 29. Rc3 Qa5 30. Rcc2 b5 31. Nb2 Qxa2 1/2-1/2

[Event "1.Deut.ChessOrgAmatPok Voelklingen GrC"]
[Site "?"]
[Date "2000.10.07"]
[Round "2"]
[White "Schwabe, Manfred"]
[Black "Gietzen, Daniel"]
[Result "1-0"]
[WhiteElo "1675"]
[BlackElo "1000"]
[PlyCount "99"]
[EventDate "2000.??.??"]

1. Nf3 e6 2. c4 Nf6 3. Nc3 d5 4. e3 Be7 5. d4 O-O 6. b3 c5 7. dxc5 Bxc5 8. Bb2
b6 9. Be2 Bb7 10. O-O Nbd7 11. cxd5 Nxd5 12. Nxd5 Bxd5 13. Rc1 Qe7 14. Qc2 Ba3
15. Rfd1 Bxb2 16. Qxb2 Rfc8 17. Nd4 Nf6 18. Ba6 Bb7 19. Bxb7 Qxb7 20. b4 Rxc1
21. Rxc1 Rc8 22. b5 Rxc1+ 23. Qxc1 a5 24. Qc6 Qb8 25. a4 Kf8 26. g3 Ke7 27. Kg2
Nd7 28. Qc2 Ne5 29. Qxh7 Qb7+ 30. f3 g6 31. Qh8 Qd5 32. Qc8 Qd7 33. Qc3 f6 34.
h4 Kf7 35. g4 Qd5 36. Qc7+ Nd7 37. Kg3 Qe5+ 38. Qxe5 Nxe5 39. Ne2 Nc4 40. e4
Nb2 41. Nc3 Nd3 42. f4 Nc5 43. Kf3 f5 44. exf5 exf5 45. gxf5 gxf5 46. Ke3 Kf6
47. Kd4 Ke6 48. h5 Nb3+ 49. Kd3 Nc5+ 50. Kc4 1-0

[Event "1.Deut.ChessOrgAmatPok Voelklingen GrC"]
[Site "?"]
[Date "2000.10.07"]
[Round "2"]
[White "Stoeckchen, Andreas"]
[Black "Ragg, Wolfgang"]
[Result "0-1"]
[WhiteElo "1383"]
[BlackElo "1695"]
[PlyCount "50"]
[EventDate "2000.??.??"]

1. f4 d5 2. Nf3 Nf6 3. g3 e6 4. Bg2 Be7 5. O-O O-O 6. d4 c5 7. e3 Nc6 8. Nc3 b6
9. Bd2 Bb7 10. a3 Rc8 11. Rc1 Na5 12. Ne5 Nd7 13. Nb1 Nxe5 14. fxe5 Nc4 15. b3
Nxd2 16. Qxd2 cxd4 17. Qxd4 Bc5 18. Qf4 Qd7 19. b4 Be7 20. h4 Rc4 21. Qf2 Qc7
22. Rfe1 Qxe5 23. Bf1 Rg4 24. Kg2 Bxh4 25. Kh3 Rxg3+ 0-1

[Event "1.Deut.ChessOrgAmatPok Voelklingen GrC"]
[Site "?"]
[Date "2000.10.07"]
[Round "2"]
[White "Kuhn, Heinz"]
[Black "Schackmann, Ralf"]
[Result "1/2-1/2"]
[WhiteElo "1678"]
[BlackElo "1000"]
[PlyCount "27"]
[EventDate "2000.??.??"]

1. b4 e5 2. Bb2 Bxb4 3. Bxe5 Nf6 4. c4 Nc6 5. Bb2 d5 6. cxd5 Qxd5 7. Bxf6 gxf6
8. Qb3 Be6 9. Qxd5 Bxd5 10. e3 O-O-O 11. Ne2 Be4 12. Nbc3 Bxc3 13. Nxc3 f5 14.
d4 1/2-1/2